00690 2200241 4500001002100000005001700021008004100038020002200079035002500101040001200126082002000138084002000158090002000178100002100198245008200219250001100301260003100312300003500343650001700378700001900395850001200414990002200426INLIS00000000000115720150526143637.0  a978-979-21-3600-5 a0010-121400000000239 aYOPDYOG aDEP 372.7 End A aDEP 372.7 End A aDEP 372.7 End A aENDANG SUHARTINI aAku bisa calistung TK semester 2c/ Endang Suhartini ; editor, Flora Maharani aCet. 1 aYogyakartabKanisiusc2013 avii, 67 hlm.b: ilus. ;c29 cm aHitung, Ilmu aFlora Maharani aYOPDYOG aCB-D.11-2013-1012